| 000 | 00508 a2200181 4500 | ||
|---|---|---|---|
| 999 |
_c5252 _d5252 |
||
| 020 | _a1920113851 | ||
| 050 | _aPR8771 HLU 2006 | ||
| 100 |
_aHlungwana, L. _eauthor |
||
| 245 |
_aMahlasela / _cL. Hlungwana & others |
||
| 264 |
_aThohoyandou : _bKalahari Productions & Booksellers, _c2006. |
||
| 300 | _a69p. : | ||
| 500 | _aPoetry | ||
| 650 | _aPoetry--Tsonga | ||
| 700 |
_aNgwenyama, M. C. _eauthor |
||
| 700 |
_aBaloyi, M. J. _eauthor |
||
| 700 |
_aChauke, M. T. _eauthor |
||
| 942 |
_2lcc _cBK _h8771 _iHLU _kPR |
||